Vista normal
Vista MARC
- ADULTOS MAYORES
Entrada Topical Term
Número de registros utilizados en: 3
001 - CONTROL NUMBER
- control field: 8058
003 - CONTROL NUMBER IDENTIFIER
- control field: OSt
005 - DATE AND TIME OF LATEST TRANSACTION
- control field: 20160415142856.0
008 - FIXED-LENGTH DATA ELEMENTS
- fixed length control field: 160415|| aca||aabn | a|a d
040 ## - CATALOGING SOURCE
- Original cataloging agency: OSt
- Transcribing agency: OSt
150 ## - HEADING--TOPICAL TERM
- Topical term or geographic name entry element: ADULTOS MAYORES
670 ## - SOURCE DATA FOUND
- Source citation: Work cat.: (OSt)0: Brown, Judith E. 8051, Nutrición en las diferentes etapas de la vida , 2014.